000 00789nas a2200277 4500
001 BR2013000581
003 BR-BrBNA
005 20231205121823.0
007 ta
008 230509b bl.|||p| |||| 00| 00por d
040 _aBR-BrBNA
_bpor
_cBiblioteca Nacional de Agricultura
041 _a(Pt)
072 _aH60
100 1 _aNunes, A.L.
100 1 _aTrezzi, M.M.
100 1 _aDebastiani, C.
245 1 _aManejo integrado de plantas daninhas na cultura do milho
650 _aMILHO
650 _aERVA DANINHA
650 _aHERBICIDA
650 _aCONTROLE QUÍMICO
650 _aCONTROLE INTEGRADO
773 0 _tBragantia (Brazil)
_xISSN 0006-8705
_g(Apr-Jun 2010), v. 69(2) p. 299-304
_wBR2013000581
909 _a202311
_bLúcia
_c55
_dLúcia Elande
942 _2AGRIS
_n0
_cANA
999 _c225413
_d225413